| 000 | 00462nam a2200181Ia 4500 | ||
|---|---|---|---|
| 001 | 24079 | ||
| 005 | 20260414151019.0 | ||
| 008 | 260414t2018||||xx |||||||||||||| ||spa|| | ||
| 041 | _aESP | ||
| 082 |
_a742 _bM82 |
||
| 100 |
_aMollière, Bruno _eAUT |
||
| 245 | 0 |
_aLa perspectiva en urban sketching : _btrucos y técnicas para dibujantes |
|
| 260 | _c2018 | ||
| 300 |
_a89 páginas : _c21 cm. |
||
| 650 | _aABD | ||
| 654 | _aCAU | ||
| 942 |
_cLIB _dJUS _fJUS _2ddc _n |
||
| 999 |
_c24079 _d24079 |
||